| 000 | 01237nam a22002897a 4500 | ||
|---|---|---|---|
| 003 | OSt | ||
| 005 | 20250327093910.0 | ||
| 008 | 240904b ||||| |||| 00| 0 eng d | ||
| 040 | _c0 | ||
| 082 | _aDPer 621.317 Ie21 December 2022 v.37 n. 12 part 1&2. | ||
| 100 |
_aWu, Wenjie. _eauthor. _960113 |
||
| 245 |
_aData-driven iterative learning predictive control for power converters / _cWenjie Wu, Lin Qui, Xing Liu, Feng Guo, Jose Rodriguez, Jien Ma, and Youtong Fang. |
||
| 260 |
_aNew York ; _bThe Institute of Electrical and Electronics Engineers, Inc., _cDecember 2022. |
||
| 300 |
_avolume 37, pages 14028-14033, _billustration. |
||
| 500 | _aIEEE Transactions on Power Electronics, v. 37 n. 12, pages 14028-14033, December 2022. | ||
| 650 | 0 |
_aData-driven control. _965960 |
|
| 650 | 0 |
_afinite control-set model predictive control (FCS-MPC). _965961 |
|
| 650 | 0 |
_aiterative learning control. _965962 |
|
| 700 |
_aWu, Wenjie. _eauthor. _960113 |
||
| 700 |
_aQui, Lin. _eauthor. _960114 |
||
| 700 |
_aLiu, Xing. _eauthor. _960115 |
||
| 700 |
_aGuo, Feng. _eauthor. _960116 |
||
| 700 |
_aRodriguez, Jose. _eauthor. _960117 |
||
| 700 |
_aMa, Jien. _eauthor. _960118 |
||
| 700 |
_aFang, Youtong. _eauthor. _960119 |
||
| 942 |
_2ddc _cPER |
||
| 999 |
_c21297 _d21297 |
||